| 000 | 00894nam a2200229 a 4500 | ||
|---|---|---|---|
| 001 | BRL_1848 | ||
| 005 | 20190320211408.0 | ||
| 008 | 100815s1959----mx-bo#####---#000-0#spa-# | ||
| 041 | _aspa | ||
| 044 | _amx | ||
| 050 | 4 |
_aF1435 _b.G57 1959 |
|
| 100 | 1 |
_aGirard, Rafael _923753 |
|
| 245 | 1 | 0 |
_aEl colapso maya y los nahuas _cRafael Girard. |
| 260 |
_aMĂ©xico _b[Sociedad Mexicana de AntropologĂa] _c1959 |
||
| 300 |
_a44 p. _bil. _c23 cm. |
||
| 500 | _aAu2162 | ||
| 500 | _aPonencia presentada a la VIII Asamblea de Mesa Redonda, de la Sociedad Mexicana de Antropologia, celebrada en San Cristobal Las Casas, Chiapas, del 6 al 12 de septiembre de 1959, bajo el patrocinio del Instituto Nacional de Antropologia e Historia, del Instituto Nacional Indigenista y del Gobierno del Estado de Chiapas. | ||
| 650 | 1 | 4 |
_aMayas _98077 |
| 650 | 1 | 4 |
_aNahuas _927041 |
| 902 | _aGRL | ||
| 942 |
_2lcc _cB |
||
| 999 |
_c10656 _d10656 |
||